| 000 | 00611nam a2200229 a 4500 | ||
|---|---|---|---|
| 005 | 20140310183443.0 | ||
| 008 | 080729s19uu xx 00 eng d | ||
| 020 | _a9780071263337 | ||
| 050 |
_aHD 30.4 _b.C776 2008 |
||
| 100 | _aCooper, Donald R. | ||
| 245 |
_aBusiness research methods / _cDonald R. Cooper |
||
| 250 | _a10th ed. | ||
| 260 |
_aBoston : _bMcGraw-Hill, _c2008. |
||
| 300 |
_a746 p. : _bcol. ill. ; _c27 cm. |
||
| 521 | _aBSBA | ||
| 650 | _aBSBA books. | ||
| 650 | _aBusiness research. | ||
| 700 | _aSchindler, Pamela S. | ||
| 942 |
_cBK _2lcc _kFOR |
||
| 999 |
_c23157 _d23157 |
||